|
|
|
|
| LEADER |
00000cam a2200000 7i4500 |
| 001 |
0000001808 |
| 005 |
20011208.0 |
| 020 |
0 |
0 |
|a 0866380558
|
| 090 |
0 |
0 |
|a 577.698
|b HAN 1984
|
| 245 |
0 |
0 |
|a HANDBOOK for mangrove area management
|c by a writing team of the Environment and Policy Institute, East-West Center ... [et al.]
|c edited by Lawrence S. Hamilton and Samuel C. Snedaker
|
| 260 |
0 |
0 |
|a Honolulu, Hawaii :
|b The Institute ,
|c 1984
|
| 300 |
|
|
|a xii, 123 p. :
|b ill. ;
|c 28 cm.
|
| 500 |
0 |
0 |
|a Includes bibliographies
|
| 650 |
0 |
0 |
|a Coastal zone management
|x Handbooks, manuals, etc.
|
| 650 |
0 |
0 |
|a Forest policy
|x Handbooks, manuals, etc.
|
| 650 |
0 |
0 |
|a Mangrove forests
|x Management
|x Handbooks, manuals, etc.
|
| 650 |
0 |
0 |
|a Mangrove forests
|x Multiple use
|x Handbooks, manuals, etc.
|
| 650 |
0 |
0 |
|a Mangrove swamps
|x Management
|x Handbooks, manuals, etc.
|
| 700 |
0 |
1 |
|a Hamilton
|h Lawrence S.
|
| 700 |
0 |
1 |
|a Snedaker
|h Samuel C.
|
| 710 |
1 |
1 |
|a East-West Environment and Policy Institute (Honolulu, Hawaii)
|
| 998 |
|
|
|a JPSM
|
| 999 |
|
|
|a 0000002814
|b Monograph
|c Open Shelf
|e Default branch
|